Crime, safety and victims’ rights Fundamental rights survey

Detalles Bibliográficos
Formato: eBook
Lenguaje:inglés
Publicado: Bruselas: European Union Publications Office, 2021
Materias:
Acceso en línea:Acceso restringido

MARC

LEADER 00000nam a22000007a 4500
005 20210818221820.0
007 cr|||| ||||
008 210818s2021 eu |||||s|||| 00||0 eng d
020 |a 978-92-9461-135-2 
035 |a 33910 
040 |a vLex 
090 |c 12046  |d 12046 
245 0 0 |a Crime, safety and victims’ rights  |h [Recurso electrn̤ico] :  |b Fundamental rights survey 
256 |a Servicio en ln̕ea 
260 |a Bruselas:  |b European Union Publications Office,  |c 2021 
300 |a 1 recurso electrn̤ico 
500 |a This is the second main report from FRA’s Fundamental Rights Survey, which collected data from 35,000 people on a range of issues. This report focuses on respondents’ experiences as victims of selected types of crime, including violence, harassment, and property crime. The report also examines how often these crimes are reported to the police. In addition, the report discusses how concerned people are about experiencing crime, and if they have adopted measures to avoid situations where such incidents could occur. The report also looks at how willing people would be to intervene, report to the police or, if asked, give evidence in court in three scenarios: physical violence between partners, physical violence against a child, and a crime against the environment. The results presented offer the first EU-wide crime survey data on the general population’s experiences of crime victimisation that can be used to inform EU and national policy and legislation on crime victims 
506 1 |a Disponible solo en los productos indicados  |d vLex Global  |d vLex Global (Academic Edition, excluding Law Schools)  |d vLex Global (U.S. Academic Edition, Law Schools)  |d vLex Global (U.S. Academic Edition, excluding Law Schools)  |d vLex Global (Academic Edition, Law Schools) 
650 0 4 |a Derecho Penal  |z Unin̤ Europea 
740 0 |a vLex Libros (Servicio en ln̕ea) 
856 4 0 |u https://app.vlex.com/#/sources/33910  |z Acceso restringido 
942 |c BOOK 
999 0 |a Criminal law